000 00423nam a2200157Ia 4500
008 151213s9999 xx 000 0 und d
100 _aDavid N.Burt & Michael F.Doyle
245 _aThe American Rickets
_cDavid N.Burt & Michael F.Doyle
250 _a1st
260 _aU.S.A
_bIrwin
_c1993
300 _a2825 p.
650 _aManagement
650 _aManagement
700 _aDavid N.Burt & Michael F.Doyle
999 _c1935
_d1935